000 00856nam a2200253Ia 4500
008 200601s9999 xx 000 0 und d
020 _a978-0471-71182-7
050 _aREF TX 905
050 _b.B45 2007
100 _aBelknap, Maria.
245 4 _aThe Restaurant & bar English/Spanish Spanish/English dictionary :
245 0 _bdiccionario ingles/español español/engles para restaurantes y cantinas /
245 0 _cMaria Belknap
260 _aNew Jersey :
260 _bJohn Wiley & Sons, Inc.
260 _c2006
300 _a325 pages :
300 _billustrations ;
300 _c23 cm.
650 _aEnglish language -- Dictionaries -- Spanish.
650 _aRestaurants -- Dcitionaries -- Spanish.
650 _xBar (Drinking establishments) -- Dictionaries -- Spanish.
650 _xSpanish language -- Dictionaries -- English.
999 _c363420
_d363420